Utrecht players (2010-2020) - Statistics

General Stats
  • This quiz has been taken 6 times
  • The average score is 57 of 139
Answer Stats
Rank Player Positions Nationality Matches Goals (assists) Period % Correct
14 David Jensen GK 86 0 (1) 2016-2019
100%
7 Gyrano Kerk RW 106 28 (24) 2014-2015, 2016-2020
100%
32 Jens Toornstra AM 48 18 (9) 2012-2015
100%
1 Mark van der Maarel RB 226 7 (10) 2010-2020
100%
15 Sébastien Haller ST 82 41 (14) 2014-2017
100%
3 Yassin Ayoub CM 146 20 (23) 2012-2018
100%
23 Bart Ramselaar LW 57 11 (7) 2014-2017, 2019-2020
75%
9 Édouard Duplan LW 100 23 (16) 2010-2015
75%
27 Giovanni Troupée RB 55 3 (5) 2014-2020
75%
69 Maarten Paes GK 19 0 (0) 2018-2020
75%
48 Michel Vorm GK 34 0 (0) 2010-2012
75%
34 Mike van der Hoorn CB 44 6 (2) 2010-2013
75%
75 Othmane Boussaid LW 17 1 (0) 2018-2019
75%
57 Ricky van Wolfswinkel ST 29 15 (3) 2010-2011
75%
4 Robbin Ruiter GK 138 0 (0) 2012-2017
75%
64 Ruud Boymans ST 24 19 (1) 2014-2016
75%
5 Sean Klaiber CB 120 7 (16) 2013-2020
75%
26 Simon Gustafson CM 56 14 (13) 2018-2020
75%
38 Sofyan Amrabat DM 42 0 (7) 2014-2017
75%
8 Tommy Oar LW 101 4 (22) 2010-2015
75%
2 Willem Janssen CB 170 22 (5) 2013-2020
75%
36 Zakaria Labyad AM 43 14 (10) 2016-2018
75%
31 Adam Sarota RM 48 0 (2) 2010-2015
50%
40 Alexander Gerndt ST 40 13 (8) 2011-2013
50%
37 Andreas Ludwig CM 42 4 (6) 2015-2017
50%
99 Cedric Badjeck ST 7 1 (0) 2011-2015
50%
30 Cedric van der Gun ST 49 9 (4) 2011-2014
50%
41 Cyriel Dessers ST 40 12 (3) 2017-2019
50%
72 Daan Bovenberg RB 17 3 (0) 2011-2013
50%
16 Dave Bulthuis CB 80 9 (3) 2010-2014
50%
53 Dries Mertens CF 31 10 (17) 2010-2011
50%
108 Filip Bednarek GK 5 0 (0) 2015-2016
50%
24 Gévero Markiet CB 57 4 (1) 2010-2015
50%
106 Issa Kallon RW 6 0 (0) 2014-2016
50%
56 Jacob Lensky CM 30 0 (0) 2010-2012
50%
20 Jacob Mulenga ST 64 29 (10) 2010-2014
50%
50 Jean-Christophe Bahebeck ST 33 9 (6) 2017-2020
50%
33 Joris van Overeem DM 45 2 (3) 2018-2020
50%
81 Juan Agudelo ST 14 3 (3) 2013-2014
50%
82 Kevin Strootman CM 14 2 (3) 2010-2011
50%
46 Kristoffer Peterson LW 36 4 (3) 2014-2017, 2019-2020
50%
59 Leon Guwara LB 27 0 (2) 2018-2020
50%
132 Loïc Loval LW 1 0 (0) 2010-2011
50%
60 Michael Silberbauer CM 27 1 (2) 2010-2011
50%
47 Michael Zullo LB 34 0 (2) 2010-2013
50%
97 Michiel Kramer ST 8 1 (1) 2018-2019
50%
17 Nacer Barazite AM 75 16 (11) 2014-2017
50%
18 Nana Asare LB 75 9 (11) 2010-2013
50%
54 Nicolas Gavory LB 31 1 (5) 2018-2019
50%
42 Patrick Joosten LW 39 2 (2) 2015-2017, 2019-2020
50%
6 Ramon Leeuwin CB 112 1 (1) 2014-2019
50%
13 Rico Strieder DM 87 3 (4) 2015-2020
50%
67 Rodney Sneijder CM 23 3 (2) 2011-2012
50%
11 Sander van de Streek AM 88 22 (10) 2017-2020
50%
51 Steve De Ridder CM 32 10 (6) 2013-2014
50%
12 Timo Letschert CB 88 5 (4) 2014-2016, 2018-2019
50%
78 Timothy Derijck CB 16 0 (0) 2013-2014
50%
21 Urby Emanuelson CM 64 4 (9) 2017-2020
50%
49 Yoshiaki Takagi AM 34 1 (9) 2011-2014
50%
65 Adam Maher CM 23 3 (5) 2019-2020
25%
98 Adrián Dalmau ST 7 4 (0) 2019-2020
25%
104 Aleksandar Bjelica CB 6 0 (0) 2013-2014
25%
28 Alje Schut CB 51 1 (0) 2010-2012
25%
19 Anouar Kali DM 72 2 (0) 2010-2013, 2014-2015, 2017-2018
25%
122 Atilla Yildirim ST 2 1 (0) 2010-2011
25%
76 Barry Maguire AM 16 0 (2) 2010-2011
25%
116 Bilal Ould-Chikh RW 3 0 (0) 2017-2018
25%
71 Bob Schepers LW 17 1 (0) 2012-2014
25%
96 Christian Dorda LB 9 0 (0) 2013-2014
25%
29 Christian Kum CB 51 5 (3) 2014-2016
25%
127 Danny Koevermans ST 1 0 (0) 2013-2014
25%
86 Danny Verbeek AM 13 2 (0) 2014-2015
25%
87 Dario Dumic CB 13 0 (1) 2017-2018
25%
111 Darren Rosheuvel CM 4 0 (0) 2014-2017
25%
88 Edson Braafheid LB 13 0 (0) 2016-2018
25%
105 Elroy Pappot AM 6 1 (1) 2012-2014
25%
95 Emil Bergström CB 10 1 (2) 2018-2020
25%
92 Enzio Boldewijn RW 11 0 (1) 2011-2012
25%
117 Erik Cummins GK 3 0 (0) 2011-2012
25%
112 Erixon Danso AM 4 0 (0) 2010-2011
25%
118 Evert Brouwers RW 3 0 (0) 2010-2011
25%
35 Frank Demouge ST 43 13 (6) 2010-2012
25%
73 Gianluca Nijholt CM 17 0 (0) 2010-2011
25%
100 Gyliano van Velzen LW 7 0 (0) 2013-2015
25%
74 Ismo Vorstermans CB 17 3 (1) 2010-2012
25%
79 Issah Abass LW 15 2 (0) 2019-2020
25%
10 Jan Wuytens CB 88 4 (2) 2010-2013
25%
68 Jeff Hardeveld LM 19 1 (1) 2014-2015, 2016-2017
25%
128 Jelle de Lange CB 1 0 (0) 2014-2015
25%
93 Jeroen Verhoeven GK 11 0 (0) 2012-2015
25%
101 Jeroen Zoet GK 7 0 (0) 2019-2020
25%
25 Johan Mårtensson DM 57 2 (1) 2011-2014
25%
119 Jonas Arweiler ST 3 1 (0) 2019-2020
25%
123 Jordy van der Winden CB 2 0 (0) 2013-2014
25%
66 Justin Hoogma CB 23 1 (0) 2019-2020
25%
129 Justin Lonwijk CM 1 0 (0) 2019-2020
25%
22 Kai Heerings CB 59 1 (2) 2011-2015
25%
62 Kevin Conboy LB 25 1 (1) 2015-2017
25%
130 Khalid Sinouh GK 1 0 (0) 2010-2011
25%
131 Lamine Sané CB 1 0 (0) 2019-2020
25%
109 Lars Veldwijk ST 5 0 (0) 2011-2012
25%
43 Leon de Kogel ST 38 8 (1) 2010-2015
25%
94 Louis Nganioni LB 11 0 (0) 2015-2016
25%
45 Lukas Görtler RM 37 1 (4) 2017-2019
25%
77 Marcus Nilsson CB 16 0 (0) 2011-2013
25%
39 Mark Diemers AM 41 2 (3) 2013-2016
25%
83 Mateusz Klich CM 14 1 (3) 2017-2018
25%
84 Matthieu Delpierre CB 14 0 (1) 2013-2014
25%
120 Matty Willock CM 3 0 (0) 2017-2018
25%
110 Menno Koch CB 5 0 (0) 2016-2017
25%
58 Mihai Neşu LB 28 1 (0) 2010-2011
25%
133 Mitchell van Rooijen CM 1 0 (0) 2019-2020
25%
124 Nando Quesada AM 2 0 (0) 2013-2014
25%
134 Nick Marsman GK 1 0 (0) 2017-2018
25%
63 Nick Venema RW, ST 24 6 (0) 2016-2020
25%
125 Odysseus Velanas AM 2 0 (0) 2017-2018
25%
80 Oussama Tannane AM 15 1 (3) 2018-2019
25%
55 Richairo Zivkovic ST 31 8 (1) 2016-2017
25%
91 Riechedly Bazoer CB 12 3 (2) 2018-2019
25%
89 Roberto Fernández GK 13 0 (0) 2011-2012
25%
61 Robin van der Meer CB 27 0 (1) 2016-2018
25%
70 Rob van Dijk GK 18 0 (0) 2011-2012
25%
113 Rodney Antwi LW 4 1 (0) 2014-2015
25%
114 Romano van der Stoep AM 4 0 (1) 2012-2014
25%
102 Ruben Ligeon RB 7 0 (1) 2015-2016
25%
44 Rubio Rubín ST 38 3 (6) 2014-2017
25%
121 Sander Keller CB 3 0 (0) 2010-2011
25%
107 Simon Makienok ST 6 1 (0) 2018-2020
25%
135 Soufyan Moro AM 1 0 (0) 2012-2013
25%
115 Stefano Lilipaly LW 4 1 (0) 2011-2012
25%
136 Sylla Sow ST 1 0 (0) 2017-2018
25%
137 Tafari Moore RB 1 0 (0) 2016-2017
25%
126 Thijs van Hofwegen CM 2 0 (0) 2013-2014
25%
52 Tim Cornelisse RB 32 2 (1) 2010-2011
25%
138 Tommy St. Jago CB 1 0 (0) 2019-2020
25%
90 Vaclav Cerny RW 13 0 (0) 2019-2020
25%
85 Wout Brama DM 14 0 (0) 2016-2017
25%
103 Yannick Cortie LB 7 0 (0) 2014-2016
25%
139 Zakaria Amrani CM 1 0 (0) 2010-2011
25%
No matching quizzes found
Score Distribution
Percent of People with Each Score
Percentile by Number Answered
Your Score History
You have not taken this quiz